000 00754nam a2200289Ia 4500
005 20260324135234.0
008 008 260324s9999 xx 000 0 eng d
020 _a9781410601940
037 _aEBOOK
040 _aCRL
040 _beng
040 _cCRL
041 _2eng
041 _aeng
084 _qCRL
100 _aTodd D. Little; Kai U. Schnabel; Jrgen Baumert
_91199857
245 0 _aModeling Longitudinal and Multilevel Data
245 0 _bPractical Issues, Applied Approaches, and Specific Examples
260 _bTaylor and Francis
260 _c2000
365 _a
365 _b230
856 _uhttp://www.taylorfrancis.com/books/9781410601940
942 _cEBOOK
999 _c1800721
_d1800721